000 00391nam a2200121 4500
008 180223b xxu||||| |||| 00| 0 eng d
100 _926720
_aDr. Villegas, Bernardo M.
245 _aEconomics education for enlightened citizenship/
_cDr. Bernardo M. Villegas
260 _aPhilippine
_bManila Bulletin
_cc2016
300 _apage 11.
650 0 _926721
_aEconomic conditions.
942 _2ddc
_cPER
999 _c8787
_d8787